[Event "Hamburg League qual"]
[Site "Hamburg"]
[Date "2005.08.21"]
[Round "3"]
[White "Sellack, Helmut"]
[Black "Meier, David Geffrey"]
[Result "1/2-1/2"]
[WhiteElo "1970"]
[BlackElo "2202"]
[PlyCount "93"]
[EventDate "2005.08.14"]
[EventType "swiss"]
[EventRounds "7"]
[EventCountry "GER"]
[SourceTitle "EXT 2006"]
[Source "ChessBase"]
[SourceDate "2005.11.24"]
[SourceVersion "1"]
[SourceVersionDate "2005.11.24"]
[SourceQuality "1"]

1. e4 e6 2. d4 d5 3. Nc3 Bb4 4. e5 Ne7 5. a3 Bxc3+ 6. bxc3 c5 7. Qd2 0-0 8. Nf3 Nbc6 9. Bd3 f6 10. exf6 Rxf6 11. 0-0 c4 12. Be2 Ng6 13. Rd1 Bd7 14. Qe1 Qc7 15. Bg5 Rf5 16. g4 Rf7 17. Be3 Raf8 18. Ng5 Rf6 19. Qd2 Nf4 20. Bxf4 Rxf4 21. Nh3 R4f6 22. f4 Ne7 23. g5 R6f7 24. Bh5 g6 25. Bg4 e5 26. Qg2 e4 27. Rf1 Bxg4 28. Qxg4 Nf5 29. Qe2 Ng7 30. Nf2 Qxf4 31. Qg4 Qe3 32. Rae1 Qxc3 33. Qd1 Nh5 34. Ng4 Rxf1+ 35. Rxf1 Rf3 36. Rxf3 exf3 37. Kf2 Kg7 38. Ne3 Nf4 39. Qb1 Nh3+ 40. Kg3 Nxg5 41. Qxb7+ Nf7 42. Kxf3 Qxd4 43. Qxd5 Qh4 44. Kg2 Ng5 45. Qd7+ Kh6 46. Ng4+ Kh5 47. Nf6+ 1/2-1/2

[Event "Bargteheide op"]
[Site "Bargteheide"]
[Date "2005.05.08"]
[Round "7"]
[White "Meier, David Geffrey"]
[Black "Schmid, Thomas"]
[Result "0-1"]
[WhiteElo "2224"]
[BlackElo "2161"]
[PlyCount "80"]
[EventDate "2005.05.05"]
[EventType "swiss"]
[EventRounds "7"]
[EventCountry "GER"]
[SourceTitle "CBM 106 Extra"]
[Source "ChessBase"]
[SourceDate "2005.07.01"]
[SourceVersion "1"]
[SourceVersionDate "2005.07.01"]
[SourceQuality "1"]

1. d4 Nf6 2. c4 c5 3. d5 b5 4. cxb5 a6 5. b6 Qxb6 6. Nc3 d6 7. e4 g6 8. Nf3 Bg7 9. a4 0-0 10. a5 Qb4 11. Nd2 e6 12. Be2 exd5 13. exd5 Nbd7 14. Ra4 Qb8 15. Nc4 Re8 16. 0-0 Ne5 17. Nb6 Ra7 18. Rh4 Ned7 19. Nc4 Ne5 20. Nb6 Ned7 21. Nca4 Nxb6 22. Nxb6 Rae7 23. Bd3 Nd7 24. Bg5 f6 25. Nxc8 Qxc8 26. Bd2 Ne5 27. Bc3 Qb7 28. Bc2 f5 29. Ra4 Nd7 30. Ra1 Nf6 31. Ba4 Rb8 32. Bc6 Qb3 33. Qd3 c4 34. Qb1 Ne4 35. Bxg7 Kxg7 36. Re1 Re5 37. Qc1 Qxb2 38. f3 Qf2+ 39. Kh1 Rb2 40. Rg1 Ng3+ 0-1

[Event "Bargteheide op"]
[Site "Bargteheide"]
[Date "2005.05.06"]
[Round "3"]
[White "Meier, David Geffrey"]
[Black "Franke, Lutz"]
[Result "0-1"]
[WhiteElo "2224"]
[BlackElo "1999"]
[PlyCount "82"]
[EventDate "2005.05.05"]
[EventType "swiss"]
[EventRounds "7"]
[EventCountry "GER"]
[SourceTitle "CBM 106 Extra"]
[Source "ChessBase"]
[SourceDate "2005.07.01"]
[SourceVersion "1"]
[SourceVersionDate "2005.07.01"]
[SourceQuality "1"]

1. d4 e6 2. c4 Nf6 3. Nf3 Bb4+ 4. Bd2 Qe7 5. g3 0-0 6. Bg2 Bxd2+ 7. Qxd2 Nc6 8. 0-0 d6 9. Nc3 e5 10. Nd5 Qd8 11. Rac1 Re8 12. Nxf6+ Qxf6 13. d5 Nb8 14. c5 a5 15. cxd6 cxd6 16. Ng5 h6 17. Ne4 Qe7 18. Qc3 f5 19. Nd2 b5 20. e4 f4 21. gxf4 exf4 22. e5 Qxe5 23. Rfe1 Qxe1+ 24. Rxe1 Rxe1+ 25. Nf1 Re8 26. Qc7 Nd7 27. Qxd6 Ne5 28. Be4 Bh3 29. Qa3 Bxf1 30. Kxf1 Nc4 31. Qc5 Rxe4 32. Kg2 Rf8 33. d6 f3+ 34. Kh3 Re5 35. Qd4 Rh5+ 36. Kg3 Rg5+ 37. Kh3 Rd8 38. d7 Ne5 39. Qd5+ Kh8 40. Qxb5 Rxd7 41. Qxa5 Rd4 0-1